| 000 | 00650nam a22001817a 4500 | ||
|---|---|---|---|
| 003 | OSt | ||
| 005 | 20210414174133.0 | ||
| 008 | 210414s1973 conao||fr|||| 00| 0bfre d | ||
| 040 |
_aCO-JMCR _cCO-JMCR |
||
| 041 | 0 | _afre | |
| 082 | 0 | 4 |
_a923.282 / _bC514c _223 |
| 245 | 0 | 0 | _aChe / |
| 260 |
_aCuba : _bEdiciones Cuba, _c1973 |
||
| 300 |
_a[53] páginas : _bilustraciones y fotografías a blanco y negro ; _c20 cm. |
||
| 505 | 0 | _aDe L'argentine au Mexique -- Du Mexique a "La cabaña" -- De la "Cabaña" a la "Lettre a Fidel" -- Guerillas internationalistes de Bolivie | |
| 600 | 1 | 4 |
_aGuevara, Ernesto, _vBiografías _y1928-1967 _936859 |
| 942 |
_2ddc _cBK |
||
| 999 |
_c15544 _d15544 |
||